| 000 | 02264cam a22004934i 4500 | ||
|---|---|---|---|
| 003 | PE-LiUPU | ||
| 005 | 20250731173349.0 | ||
| 008 | 150706s2005 enk rb 000 0 eng d | ||
| 020 | _a0 567 04471 8 | ||
| 035 | _a(Sirsi) i9780567044716 | ||
| 040 |
_aPE-LiUPU _bspa _cPE-LiUPU _erda |
||
| 049 | _aPRUA | ||
| 082 | 0 | 4 |
_a220.7 _bICC2005 _221 |
| 100 | 1 |
_aWilson, R. McL., _eautor. |
|
| 245 | 1 | 2 |
_aA critical and exegetical commentary on Colossians and Philemon / _cR. McL. Wilson. |
| 264 | 1 |
_aLondon : _bT & T Clark, _c2005. |
|
| 300 |
_a380 páginas ; _c23 centímetros. |
||
| 336 |
_atext _2rdacontent |
||
| 337 |
_aunmediated _2rdamedia |
||
| 338 |
_avolume _2rdacarrier |
||
| 490 | 1 | _aThe International Critical Commentary | |
| 504 | _aIncluye bibliografía. | ||
| 505 | 0 | _aColossians -- Colossae -- The Church at Colossae -- The letter to the Colossians -- The Colossian Heresy -- Recapitulation -- Opening salutation -- Thanksgiving for the faith of the Colossians -- Intercessión for the Colossians -- The Colossian "Hymn" -- Relevance for the Readers -- Paul's labours for the Church -- The significance of Christ's Work -- Further Admonitions -- Seek Things Above -- Guidelines for the New Life -- The Haustafel: A Household Code -- Final Admonitions -- The Close of the Letter -- Philemon -- Salutation -- Thanksgiving period -- The plea for Onesimus. | |
| 526 | _aSEG42 | ||
| 526 | _aSEG41 | ||
| 526 | _aSEG40 | ||
| 526 | _aSEG39 | ||
| 526 | _aP94 | ||
| 526 | _aP87 | ||
| 526 | _aP86 | ||
| 526 | _aP85 | ||
| 526 | _aP77 | ||
| 526 | _aP76 | ||
| 526 | _aP35 | ||
| 541 | _g104-9871792; | ||
| 630 | 0 | 4 |
_aBiblia. _pN.T. _pColosenses _xComentarios. |
| 630 | 0 | 4 |
_aBiblia. _pN.T. _pFilemón _xComentarios. |
| 910 |
_agl _bjv _clch _d20100215 |
||
| 942 |
_2ddc _cBOOK |
||
| 949 |
_a220.7 ICC 51 2005 _wDEWEY _c1 _i60960 _lCCODEBUL1 _mBUL _p113.00 _r0 _sY _tBOOK _u2015-7-6 _xTEOLOGIA _zUNKNOWN _0COMPRA _o.STAFF. Colección Teología |
||
| 994 |
_aC0 _bPEPRU |
||
| 596 | _a1 | ||
| 999 |
_a220.7 ICC 51 2005 _wDEWEY _c50311 _i60960 _d50311 _e2017-3-9 _f2021-11-9 _g5 _lCCODEBUL1 _mBUL _n1 _p113.00 _q1 _r0 _sY _tBOOK _u2015-7-6 _xTEOLOGIA _PP35 _0COMPRA _o.STAFF. Colección Teología |
||
| 980 |
_81 _gALBERTO SANCHEZ Responsable de Automatización |
||